000 00446nam a2200181Ia 4500
001 15293
005 20260306170145.0
008 260306t2015||||xx |||||||||||||| ||und||
041 _aESP
082 _a531.12
_bG17
100 _aGamio Arisnabarreta, Luis Eduardo
_eAUT
245 0 _aEstática:
_bteoría y aplicaciones
260 _c2015
300 _a461 páginas :
_c25 cm.
650 _aGEN
654 _aCCN
942 _cLIB
_dJUS
_fJUS
_2ddc
_n
999 _c15293
_d15293